Normal view
MARC view
- Gian Chand Soni, L
Entry Personal Name
001 - CONTROL NUMBER
- control field: 7187
003 - CONTROL NUMBER IDENTIFIER
- control field: OSt
005 - DATE AND TIME OF LATEST TRANSACTION
- control field: 20250219152638.0
008 - FIXED-LENGTH DATA ELEMENTS
- fixed length control field: 250219|| aca||aabn | a|a d
040 ## - CATALOGING SOURCE
- Original cataloging agency: OSt
- Transcribing agency: OSt
100 ## - HEADING--PERSONAL NAME
- Personal name: Gian Chand Soni, L
670 ## - SOURCE DATA FOUND
- Source citation: Work cat.: (OSt)19413: All India Directory of Engineering Colleges, 1999.
